A transformação da vida (Record no. 133465)

MARC details
000 -LÍDER
campo de controle de tamanho fixo 00632 a2200193 4500
001 - NÚMERO DE CONTROLE
campo de controle 133465
020 ## - ISBN - INTERNATIONAL STANDARD BOOK NUMBER
ISBN - International Standard Book Number 85-16-02260-9
040 ## - FONTE DA CATALOGAÇÃO
Instituição que transcreveu o registro Leonardo Da Vinci
041 ## - CÓDIGO DE IDIOMA
Código do idioma do texto/trilha sonora ou título diferente Português
082 ## - CDD - CLASSIFICAÇÃO DECIMAL DE DEWEY
Número de Classificação 573.2 R616t
Número do exemplar R616t
100 ## - ENTRADA PRINCIPAL--NOME PESSOAL
Nome pessoal RODRIGUES, Rosicler Martins
245 ## - TÍTULO
Título A transformação da vida
260 ## - PUBLICAÇÃO, DISTRIBUIÇÃO, ETC.
Nome do editor, distribuidor, etc. Moderna
Data da publicação, distribuição, etc. 1995
Local de publicação, distribuição, etc. São Paulo
300 ## - DESCRIÇÃO FÍSICA
Extensão 72
362 ## - DATAS DE PUBLICAÇÃO E/OU DESIGNAÇÃO SEQUENCIAL
Datas de publicação e/ou designação sequencial 19950000
490 ## - TÍTULO DA SÉRIE
Título da série Desafios
697 ## - ENTRADA DE ASSUNTO LOCAL--ENTIDADE COLETIVA (RLIN)
Nome corporativo ou nome da jurisdição Biologia
-- Ciências
-- Evolução humana
-- Seres vivos
-- Gênesis
-- Criação
-- Universo
-- Teoria da evolução
-- Charles Darwin
-- Espécie
-- Australopithecus
-- Homo habilis
-- Homo erectus
-- Homo sapiens
-- Homem
942 ## - ELEMENTOS DE ENTRADA ADICIONADOS (KOHA)
Tipo de material Koha Livros
Holdings
Situação do descarte Situação das perdas Situação física Não pode ser emprestado Biblioteca de origem Biblioteca atual Data de aquisição Total de empréstimos Número de chamada completo Código de barras Data de último acesso Data do preço efetivo Tipo de material Koha
        Leonardo Da Vinci - Osasco Leonardo Da Vinci - Osasco 27/03/2024   573.2 R616t O005765 27/03/2024 27/03/2024 Livros